Sports Quiz

Random Sports or Basketball Quiz

MAAC Quiz Stats

 Plays Quiz Updated Oct 19, 2016

Score 0/22 Timer 05:00
1 Play Today
% Correct
Siena College
69.5%
Iona College
68.1%
Manhattan College
65.2%
Marist College
62.3%
Fairfield
60.5%
Niagara
58.6%
Rider
58.1%
Canisius College
54.9%
Saint Peter's College
54.7%
Saints
51.1%
Jaspers
48.7%
% Correct
Gaels
46.9%
Monmouth
46.4%
Stags
46.2%
Hawks
45.9%
Red Foxes
43.1%
Quinnipiac
42.4%
Purple Eagles
40.7%
Peacocks
37%
Golden Griffins
35.8%
Bobcats
35.8%
Broncs
33.2%

You're not logged in!

Compare scores with friends on all Sporcle quizzes.
OR
Log In

Sporcle TV

Today on Sporcle TV


Watch our educational content, quiz creation guides, and fun videos on Sporcle TV.

Show Comments

Extras

Top Quizzes Today


Score Distribution

Your Account Isn't Verified!

In order to create a playlist on Sporcle, you need to verify the email address you used during registration. Go to your Sporcle Settings to finish the process.

Report this User

Report this user for behavior that violates our Community Guidelines.

Details: